| 000 | 00381cam a2200157ua 4500 | ||
|---|---|---|---|
| 041 |
_aeng _h |
||
| 082 |
_a828.09 _bALL/EL |
||
| 100 | _aAllott, Miriam . | ||
| 245 |
_aElizabeth Gaskell / _cMiriam Allott. _hTextual Documents |
||
| 250 |
_a / _b. |
||
| 260 |
_aLondon : _bLongman Green and Co , _c1960. |
||
| 300 | _a46 ; . | ||
| 504 | _a | ||
| 942 | _cBK | ||
| 999 |
_c11407 _d11407 |
||